Ancillary physics: (Record no. 19717)

MARC details
000 -LEADER
fixed length control field 00808nam a22002414a 4500
005 - DATE AND TIME OF LATEST TRANSACTION
control field 20081128140742.0
008 - FIXED-LENGTH DATA ELEMENTS--GENERAL INFORMATION
fixed length control field 080618s2008 ii a 001 0 eng
010 ## - LCCN (DPL NO)
LC control number ENG-92126
020 ## - INTERNATIONAL STANDARD BOOK NUMBER
Terms of availability 50.00
International Standard Book Number 9788190732178
035 ## - SYSTEM CONTROL NUMBER
System control number EN-75659
037 ## - SOURCE OF ACQUISITION
Source of stock number/acquisition DBAD / PUB
040 ## - CATALOGING SOURCE
Original cataloging agency dpl
Language of cataloging English
082 ## - DEWEY DECIMAL CLASSIFICATION NUMBER
Classification number 530
100 ## - MAIN ENTRY--PERSONAL NAME
Personal name Harikrishnan, S.
240 ## - UNIFORM TITLE
Uniform title <a href="Correspondence">Correspondence</a>
245 ## - TITLE STATEMENT
Title Ancillary physics:
Statement of responsibility, etc by S. Harikrishnan
Remainder of title (for UG level) /
260 ## - PUBLICATION, DISTRIBUTION, ETC. (IMPRINT)
Place of publication, distribution, etc Kanyakumari
Name of publisher, distributor, etc Kamaraj Pathipagam
Date of publication, distribution, etc 2008
300 ## - PHYSICAL DESCRIPTION
Extent v.1 (69p.)
Dimensions 26 cm (pbk)
500 ## - GENERAL NOTE
General note Includes bibliographical references
650 ## - SUBJECT ADDED ENTRY--TOPICAL TERM
Topical term or geographic name as entry element Physics.
942 ## - ADDED ENTRY ELEMENTS (KOHA)
Source of classification or shelving scheme Dewey Decimal Classification
Item type English Books
Call number suffix HAR
Classification part 530
Holdings
Withdrawn status Lost status Source of classification or shelving scheme Damaged status Not for loan Collection code Home library Current library Date acquired Source of acquisition Cost, normal purchase price Total Checkouts Full call number Barcode Date last seen Copy number Cost, replacement price Koha item type
    Dewey Decimal Classification   Not For Loan Non-fiction D.B.Act.Division D.B.Act.Division 11/12/2008 DBAD / PUB 50.00   530 HAR EN-75659 11/12/2008 1 50.00 English Books

© Delhi Public Library
Hit Counter
free hit counter